| 000 | 00355nam a22001577a 4500 | ||
|---|---|---|---|
| 003 | CEME | ||
| 005 | 20210628203437.0 | ||
| 008 | 210129b xxu||||| |||| 00| 0 eng d | ||
| 040 | _c. | ||
| 082 | _a297 ALI | ||
| 100 |
_aSyed Ali Hussain Shah _965497 |
||
| 245 | _aAsma ul husna | ||
| 260 |
_aLAHORE _bHAIDER _c2001 |
||
| 300 | _a109P | ||
| 942 |
_cBK _2ddc |
||
| 999 |
_c573684 _d573684 |
||